| 000 | 00677nam a2200205Ia 4500 | ||
|---|---|---|---|
| 003 | LDD | ||
| 008 | 190117s9999 xx 000 0 und d | ||
| 020 |
_a8126708166 _c₹295 |
||
| 040 | _cLDD | ||
| 041 | _ahi | ||
| 082 | _a8H3.7 शा76गो-3 | ||
| 100 | _aशाह, रमेश चंद्र | ||
| 245 | 0 |
_aगोबर गणेश _cरमेश चंद्र शाह |
|
| 250 | _aतृतीय | ||
| 260 |
_aनई दिल्ली _bराजकमल प्रकाशन _c2004 |
||
| 300 | _a331पृ. | ||
| 901 | _aRAJ | ||
| 904 | _aReqst by : Parakh, Jawarimal (Dr.) | ||
| 942 |
_2ddc _cH |
||
| 999 |
_c171619 _d171619 |
||